000 00301nam a22001337a 4500
008 181105b xxu||||| |||| 00| 0 eng d
020 _a0876683472
041 _aeng
080 _a316
100 _a49
101 _aSOC
245 _aTreatment Primitive Mental States
_cOeter.L G
942 _2udc
_cBK
999 _c51862
_d51862